| 000 | 00941 a2200325 4500 | ||
|---|---|---|---|
| 005 | 20260319092403.0 | ||
| 008 | 260319b |||||||| |||| 00| 0 eng d | ||
| 041 | _aFr | ||
| 044 | _aCIV | ||
| 090 | _bDG/N/4002 | ||
| 100 | _aDOGA, Dabe | ||
| 100 | _aKOUAKOU, Konan Charles | ||
| 100 | _aMINHIBO, Magloire Yves | ||
| 100 | _aKONAN, Amenan Jacky | ||
| 110 |
_aCentre National de Recherche Agronomique _bCt̥e d'Ivoire |
||
| 110 |
_bCote d'Ivoire _aCentre National de Recherche Agronomique |
||
| 245 | _aBien diagnostiquer et lutter contre l'anthracnose chez les agrumes en Cote d'Ivoire | ||
| 260 | _aAbidjan | ||
| 260 | _bCNRA | ||
| 260 | _c2025 | ||
| 302 | _a3 p. | ||
| 388 | _a2026-03-19 | ||
| 650 |
_2AGROVOC _gCote d'Ivoire |
||
| 650 |
_gAgrume _2AGROVOC |
||
| 650 |
_gBien _2AGROVOC |
||
| 650 |
_gDiagnostiquer _2AGROVOC |
||
| 650 |
_gLutte _2AGROVOC |
||
| 650 |
_gMaladie _2AGROVOC |
||
| 650 |
_gAnthracnose _2AGROVOC |
||
| 999 |
_c6005 _d6005 |
||